000 00516nam a2200205Ia 4500
003 OSt
005 20230607085016.0
008 210423s2011 xx 000 0 und d
040 _cAL
041 _aeng
082 _a361.3 ESTE
100 _aRaghuram (S)
_9120841
245 _aEducational of poverty
260 _aNew Delhi
_bemploan solitary
_c2011
365 _cINR
650 _aSocial Problems & Services
_9120842
650 _aSocial Work
_9120843
906 _aEducational ; poverty
942 _2ddc
_cBK
999 _c176051
_d176051